Malaysia Incorporated : a symbiosis and a way of life (MAMPU) [video recording]
| Format: | Book |
|---|---|
| Published: |
Kuala Lumpur :
MAMPU ,
n.d
|
| Subjects: |
MARC
| LEADER | 00000cam a2200000 7i4500 | ||
|---|---|---|---|
| 001 | 0000005109 | ||
| 005 | 20061204.0 | ||
| 040 | |a INS | ||
| 090 | 0 | 0 | |a HD4300.6 |
| 245 | 0 | 0 | |a Malaysia Incorporated : |b a symbiosis and a way of life (MAMPU) [video recording] |
| 260 | |a Kuala Lumpur : |b MAMPU , |c n.d | ||
| 300 | |a 1 video cassette (VHS) (0:22) : |b sd., col. ; |c 1/2 in. | ||
| 650 | 0 | 0 | |a Privatization |z Malaysia |
| 999 | |a VHS428 |b VIDEO |c Media Collection |e Default branch | ||